000 00415nmm a2200169 a 4500
003 AR-BaBNM
005 20251128202650.0
008 011101s1901 ||||||||||||||000 | spa||
040 _cAR-BaBNM
100 1 _aShakespeare, William
240 1 0 _aObras. Inglés
245 1 0 _aThe works of William Shakespeare
_n2
260 _a[S.l.]
_bMorris
_c1901
700 1 _aMorris, John D.
_eeditor
942 _cBK
998 _cRhizi
999 _c41
_d41